| 000 | 01175cam a22002175a 4500 | ||
|---|---|---|---|
| 001 | L156712 | ||
| 008 | 120627s1754 xxk f 000 0 eng d | ||
| 035 | _a(Sirsi) u156712 | ||
| 041 | 0 | _aeng | |
| 100 | 1 |
_aStow, John _d1525?-1605 |
|
| 245 | 0 | 2 |
_aA survey of the cities of London and Westminster, and the borough of Southwark _bContaining the original, antiquity, increase, present state and government of those cities. Written at first in the year 1598 _cCorrected, improved, and very much enlarged, in the year 1720, by John Strype...The survey and history brought down to the present time... The life of the author, written by Mr. Strype is prefixed...added, an appendix of certain tracts, discourses, and remarks on the state of the city of London |
| 250 | _a6th ed. | ||
| 260 |
_aLondon _bPrinted for W. Innys and J. Richardson [etc.] _c1754-55 |
||
| 300 |
_a2 v. _b132 plates (part fold.) incl. maps, plans. _c43 cm. |
||
| 520 | _aEngr. plates (some folding) incl. plans and maps, and cuts. | ||
| 583 | 0 |
_aCondition reviewed _c20120620 _lcondition level 1 and 1 |
|
| 651 | 4 | _aLondon | |
| 690 |
_aGeomatics _96242 |
||
| 700 | 1 | _aStrype, John, 1643-1737 | |
| 942 | _n0 | ||
| 999 |
_c114380 _d114380 |
||